Statistiques concernant Les 7 cépages alsaciens

Cliquez ici pour prendre le quiz!

Statistiques générales

  • Ce quiz a été pris 118 fois
  • Le résultat moyen est 5 sur 7

Statistiques - réponses

Cépage% Correct
Riesling
88%
Pinot gris
80%
Pinot noir
80%
Pinot blanc
65%
Gewurtztraminer
60%
Sylvaner
48%
Muscat
36%

Distribution des résultats

Percentile par nombre de réponses

% des personnes avec chaque résultat

Votre développement - résultats

Vous n’avez pas pris ce quiz